000 00299nam a2200121Ia 4500
008 190216s9999||||xx |||||||||||||| ||und||
100 _aMohammed K A & Aravindakshan Ks
245 0 _aIndian Economics
260 _bPaico Pub.House Ekm
_c1965
300 _a175p
650 _aEconomics
942 _cBK
999 _c9680
_d9680